Growing Cities in Oklahoma - Statistics

General Stats
  • This quiz has been taken 26 times
  • The average score is 8 of 10
Answer Stats
Population Population Gained City % Correct
681,054 100,560 Oklahoma City
100%
413,066 21,193 Tulsa
100%
128,026 17,150 Norman
96%
113,540 14,866 Broken Arrow
78%
94,428 13,298 Edmond
78%
62,793 7,711 Moore
74%
58,409 4,037 Midwest City
70%
38,240 8,427 Owasso
65%
28,609 7,702 Bixby
48%
25,949 9,034 Jenks
43%
No matching quizzes found
Score Distribution
Percent of People with Each Score
Percentile by Number Answered
Your Score History
You have not taken this quiz